Malaysian food.
| Main Author: | |
|---|---|
| Format: | Book |
| Published: |
Manchaster:
Ning,
2010.
|
| Subjects: |
| LEADER | 00418cam a2200157 7i4500 | ||
|---|---|---|---|
| 001 | 0000025962 | ||
| 005 | 20190927090000.0 | ||
| 020 | # | # | |a 9780956377210 |
| 090 | 0 | 0 | |a B 641.59595 |b NOR (LRM) |
| 100 | 1 | # | |a Norman Musa |
| 245 | 1 | 0 | |a Malaysian food. |
| 260 | 0 | 0 | |a Manchaster: |b Ning, |c 2010. |
| 300 | # | # | |a 196p. |
| 650 | 0 | 0 | |a Cooking -- |z Malaysia |
| 650 | 0 | 0 | |a Cooking,Malaysian |
| 999 | |a B000028342 |b Book |c Book |e Business Information Centre | ||


